| 000 | 00766nam a2200229Ii 4500 | ||
|---|---|---|---|
| 003 | JO-AjNU | ||
| 008 | 230605s9999||||xx |||||||||||||| ||und|| | ||
| 017 | _a2007/7/2313 | ||
| 020 | _a978-9957-06-434-1 | ||
| 040 |
_aJO-AjNU _bara _erda _cJO-AjNU |
||
| 041 | _aara | ||
| 050 | 1 | 4 | _aLB2806 A94 2019 |
| 100 | 3 |
_aعايش، أحمد جميل, _eauthor _960024 |
|
| 245 | 0 | 0 | _aتطبيقات في الإشراف التربوي |
| 250 | _aط5 | ||
| 264 | 3 | 1 | _aعمان: دار المسيرة للنشر والتوزيع والطباعة، 2019 |
| 300 | _a352ص | ||
| 336 |
_atext _btxt _2rdacontent |
||
| 337 |
_aunmediated _bn _2rdamedia |
||
| 338 |
_avolume _bnc _2rdacarrier |
||
| 650 | 4 |
_aالاشراف التربوي - التربية - التعليم _960025 |
|
| 999 |
_aA27041 _c30609 _d30609 |
||